Segundo informe de gobierno.

Uloženo v:
Podrobná bibliografie
Médium: Kniha
Jazyk:španělština
Edice:(Cuadernos de filosofía política ; no. 8)
Témata:
Tagy: Přidat tag
Žádné tagy, Buďte první, kdo vytvoří štítek k tomuto záznamu!

MARC

LEADER 00000cam^a2200000uu^4500
001 000488336
005 20250521000000.0
008 031510s1978^^^^^^^^^^^^rt^r^^000^0^spa^d
009 20260526150653.649
035 |a FCE 000031516 
035 |a FCE 017461 
037 |a Acervo ITESO - Biblioteca 
041 |a spa 
082 0 4 |a 320.972  |b MEXs 
245 1 0 |a Segundo informe de gobierno. 
264 |a México :  |b SPP. DGDA,  |c 1978. 
300 |a 111 p. 
336 |a texto  |b txt  |2 rdacontenido 
337 |a sin mediación  |b n  |2 rdamedio 
338 |a volumen  |b nc  |2 rdasoporte 
440 0 |a (Cuadernos de filosofía política ;  |v no. 8) 
649 |a XX 
650 |a Política 
650 |a Gobierno 
650 |a Informe de gobierno 
910 |a Fondo Centro de Estudios Educativos 
920 |a Impresos - Libros 
930 |a Fondos Especiales 
905 |a 133 
901 |a ALE017461  |b IT2  |c CEE  |u 20250521 
902 |a https://opac.biblio.iteso.mx/vufind/Record/000488336